Tres de cuatro soles (Record no. 26670)

MARC details
000 -LEADER
campo de control de longitud fija 00938nam a2200241 i 4500
001 - NÚMERO DE CONTROL
campo de control 26670
003 - IDENTIFICADOR DE NÚMERO DE CONTROL
campo de control ES-MaACL
005 - FECHA Y HORA DE LA ÚLTIMA TRANSACCIÓN
campo de control 20250702063038.0
007 - CAMPO FIJO DE DESCRIPCIÓN FÍSICA--INFORMACIÓN GENERAL
campo de control de longitud fija t|
008 - DATOS DE LONGITUD FIJA--INFORMACIÓN GENERAL
campo de control de longitud fija 030110s1977 fr ||||1| spa d
100 1# - ENTRADA PRINCIPAL--NOMBRE DE PERSONA
Nombre de persona Asturias, Miguel Ángel,
Fechas asociadas al nombre 1899-1974
9 (RLIN) 23701
245 10 - MENCIÓN DEL TÍTULO
Título Tres de cuatro soles
Resto del título : (edición crítica) /
Mención de responsabilidad, etc. Miguel Angel Asturias ; homenaje: Aimé Césaire ; prefacio: Manuel Bataillon... ; introducción y notas: Dorita Nouhaud...
250 ## - MENCION DE EDICION
Mención de edición 1ª ed.
260 ## - PUBLICACIÓN, DISTRIBUCIÓN, ETC.
Lugar de publicación, distribución, etc. Paris, etc :
Nombre del editor, distribuidor, etc. Klincksieck, etc,
Fecha de publicación, distribución, etc. [1977]
300 ## - DESCRIPCIÓN FÍSICA
Extensión 124 p. ;
Dimensiones 24 cm.
490 1# - MENCIÓN DE SERIE
Mención de serie Edición crítica de las obras completas de Miguel Angel Asturias ;
Designación de volumen o secuencia 19
700 1# - ENTRADA AGREGADA--NOMBRE PERSONAL
Nombre de persona Césaire, Aimé.
9 (RLIN) 37670
700 1# - ENTRADA AGREGADA--NOMBRE PERSONAL
Nombre de persona Bataillon, Manuel.
9 (RLIN) 26395
700 1# - ENTRADA AGREGADA--NOMBRE PERSONAL
Nombre de persona Nouhaud, Dorita.
9 (RLIN) 86035
830 0# - PUNTO DE ACCESO ADICIONAL DE SERIE-TÍTULO UNIFORME
Título uniforme Edición crítica de las obras completas de Miguel Angel Asturias ;
Designación de volumen o secuencia 19
9 (RLIN) 181059
852 ## - LOCALIZACIÓN
Ubicación ES-MaACL
Número de control de estantería L-7103
Holdings
Estatus retirado Estado de pérdida Estado de daño No para préstamo Biblioteca de origen Biblioteca actual Ubicación en estantería Fecha de adquisición Fuente de adquisición Total de préstamos Signatura topográfica completa Código de barras Visto por última vez Precio de reemplazo Tipo de ítem Koha
        Biblioteca del Ateneo de Madrid Biblioteca del Ateneo de Madrid Depósito 2 17/01/2008     L-7103 1027522 23/02/2023 23/02/2023 Libro impreso